000
00287nam a2200121Ia 4500
008
190216s9999||||xx |||||||||||||| ||und||
100
_a
Vashishta A R
245
0
_a
Mechanics Ii Fully Solved
260
_b
Krishna Prakasan Mandir
300
_a
108
650
_a
Mathematics
942
_c
BK
999
_c
32054
_d
32054